Canadian National Parks on Islands - Statistics

General Stats
  • This quiz has been taken 11 times
    9 since last reset
  • The average score is 7 of 15
Answer Stats
National Park % Correct
Cape Breton Highlands
83%
Gros Morne
83%
Pacific Rim
83%
Aulavik
67%
Terra Nova
67%
Gulf Islands
50%
Gwaii Haanas
50%
Auyuittuq
33%
Mingan Archipelago
33%
Prince Edward Island
33%
Qausuittuq
33%
Quttinirpaaq
33%
Sable Island
33%
Georgian Bay Islands
17%
Sirmilik
17%
No matching quizzes found
Score Distribution
Percent of People with Each Score
Percentile by Number Answered
Your Score History
You have not taken this quiz since the last reset